000
00269nam a2200109Ia 4500
008
200302s9999 xx 000 0 und d
100
_a
Mikhail Guerman
245
_a
Mikhail Vaubel The Artist of the Eves
260
_b
Parkstone Press
260
_c
1996
300
_a
175 P.,
999
_c
1724
_d
1724